[Event "Paris-ch"]
[Site "Paris"]
[Date "1991.??.??"]
[Round "2"]
[White "Harlin, Henri"]
[Black "Smirin, Ilia"]
[Result "0-1"]
[WhiteElo "2260"]
[BlackElo "2560"]

1.e4 c5 2.Nf3 Nc6 3.d4 cxd4 4.Nxd4 Nf6 5.Nc3 d6 6.Bg5 e6 7.Qd2 Be7 8.O-O-O O-O
9.f4 h6 10.Bxf6 Bxf6 11.Ndb5 Qa5 12.Nxd6 Rd8 13.Kb1 e5 14.Bc4 Bg4 15.Qd5 Rd7
16.Qxa5 Nxa5 17.Bb5 Rdd8 18.Be2 Bxe2 19.Nxe2 exf4 20.Rd5 b6 21.Rhd1 g5 22.e5 Bg7
23.Nd4 Bxe5 24.N4f5 Bxd6 25.Nxh6+ Kf8 26.Rxd6 Rxd6 27.Rxd6 Nc4 28.Rd7 Ne5
29.Rd4 Kg7 30.Nf5+ Kf6 31.Nd6 Rh8 32.h3 f3  0-1

[Event "Paris-ch"]
[Site "Paris"]
[Date "1991.??.??"]
[Round "4"]
[White "Pira, Davoud"]
[Black "Smirin, Ilia"]
[Result "0-1"]
[WhiteElo "2345"]
[BlackElo "2560"]

1.d4 Nf6 2.Nf3 g6 3.c4 Bg7 4.Nc3 O-O 5.e4 d6 6.Be2 e5 7.O-O exd4 8.Nxd4 Re8
9.f3 Nh5 10.f4 c5 11.Nc2 Nf6 12.Bf3 Nc6 13.Re1 a6 14.Be3 Be6 15.Nd5 Na5 16.Qd3 Nxd5
17.cxd5 Bd7 18.Bc1 f5 19.Rb1 fxe4 20.Bxe4 b5 21.b3 c4 22.bxc4 Nxc4 23.Kh1 Qf6
24.Bd2 Re7 25.Re2 Bg4 26.Rf2 Rae8 27.h3 Rxe4 28.hxg4 Qh4+ 29.Kg1 Qxg4 30.Bc3 Re3
31.Nxe3 Rxe3 32.Qd1 Qxd1+ 33.Rxd1 Rxc3 34.Re2  0-1

[Event "Tel Aviv"]
[Site "Tel Aviv"]
[Date "1991.??.??"]
[Round "3"]
[White "Grivas, Efstratios"]
[Black "Smirin, Ilia"]
[Result "0-1"]
[WhiteElo "2425"]
[BlackElo "2560"]

1.d4 Nf6 2.c4 g6 3.Nc3 Bg7 4.e4 d6 5.h3 O-O 6.Be3 c6 7.Bd3 Nbd7 8.Nge2 c5
9.O-O b6 10.Rc1 cxd4 11.Bxd4 Bh6 12.Rc2 e5 13.Be3 Bxe3 14.fxe3 Nc5 15.Ng3 Bb7
16.Rd2 Ne8 17.Bc2 Qg5 18.Qe1 a5 19.Qf2 h5 20.Kh2 Kg7 21.Nge2 Rd8 22.Ng1 Qe7
23.Nd5 Bxd5 24.exd5 f5 25.Ne2 Nf6 26.Nc3 h4 27.b3 Nh5 28.Qe1 Ng3 29.Rff2 Ra8
30.a3 Rac8 31.Rd1 Qg5 32.Kg1 Rf6 33.Rb1 Nd7 34.e4 fxe4 35.Nxe4 Nxe4 36.Qxe4 Rxf2
37.Kxf2 Rf8+ 38.Kg1 Nf6 39.Qe2 Nh5 40.b4 axb4 41.axb4 Qf4 42.Qe4 Qf2+ 43.Kh2 Rf5
44.Rc1 Rg5 45.Qf3 Rxg2+ 46.Qxg2 Qf4+ 47.Kg1 Qxc1+ 48.Kh2 Qf4+ 49.Kg1 Ng3  0-1

[Event "Tel Aviv"]
[Site "Tel Aviv"]
[Date "1991.??.??"]
[Round "4"]
[White "Smirin, Ilia"]
[Black "Soffer, Ram"]
[Result "1/2-1/2"]
[WhiteElo "2560"]
[BlackElo "2445"]

1.b3 d5 2.Bb2 Nf6 3.Nf3 Bg4 4.e3 e6 5.c4 Nbd7 6.Nc3 c6 7.h3 Bh5 8.g4 Bg6
9.Nh4 Ne4 10.Nxg6 Nxc3 11.dxc3 hxg6 12.cxd5 cxd5 13.Bg2 Qc7 14.O-O Rd8 15.Qe2 Nb6
16.a4 Bd6 17.a5 Nc8 18.c4 O-O 19.cxd5 exd5 20.Rfd1 Ne7 21.Qd3 Be5 22.Rac1 Qd6
23.Bxe5 Qxe5 24.Qc3 Qe6 25.b4 Rd7 26.b5 Rfd8 27.Qb4 g5 28.Qd4 b6 29.axb6 Qxb6
30.Qxb6 axb6 31.Rd4 f6 32.Rcd1 Kf7 33.e4 Ke6 34.exd5+ Nxd5 35.Re1+ Kf7 36.Red1 Ke6
37.Re1+ Kf7 38.Red1  1/2-1/2

[Event "Tel Aviv"]
[Site "Tel Aviv"]
[Date "1991.??.??"]
[Round "5"]
[White "Manor, Ilan"]
[Black "Smirin, Ilia"]
[Result "0-1"]
[WhiteElo "2445"]
[BlackElo "2560"]

1.d4 Nf6 2.Nf3 g6 3.Bg5 Bg7 4.Nbd2 O-O 5.e4 d5 6.exd5 Nxd5 7.c3 c5 8.dxc5 Qc7
9.Bc4 Qxc5 10.b4 Qc6 11.O-O Nxc3 12.Qe1 Be6 13.Bxe6 Qxe6 14.Qxe6 fxe6 15.Rae1 Nxa2
16.b5 Nc3 17.Rxe6 Nxb5 18.Rb1 a6 19.Rxe7 Nd6 20.Ne4 Nxe4 21.Rbxb7 Bh8 22.Rxe4 Nc6
23.h4 Rfe8 24.Nd2 a5 25.f3 a4 26.Rxe8+ Rxe8 27.Rc7 Na5 28.Be7 Be5 29.Rd7 Nc6
30.Bc5 Ra8 31.Nc4 Bg3 32.Rd5 Bxh4 33.Ba3 Rb8 34.Kf1 Rb3 35.Ke2 Rc3 36.Rc5 Be7
37.Rxc6 Bxa3 38.Rc8+ Kg7 39.Rc7+ Kh6 40.Rc6 Bc1  0-1

[Event "Tel Aviv"]
[Site "Tel Aviv"]
[Date "1991.??.??"]
[Round "6"]
[White "Smirin, Ilia"]
[Black "Murrey, Jacob"]
[Result "1/2-1/2"]
[WhiteElo "2560"]
[BlackElo "2440"]

1.e4 e5 2.Nf3 Nc6 3.Bb5 a6 4.Ba4 Nf6 5.O-O Nxe4 6.d4 b5 7.Bb3 d5 8.dxe5 Be6
9.Nbd2 Nc5 10.c3 g6 11.Nd4 Nxe5 12.Qe2 Ned3 13.Nxe6 fxe6 14.Bc2 Nxc1 15.Raxc1 Qd6
16.Rfe1 Bh6 17.Rcd1 O-O 18.a4 Nd7 19.Qxe6+ Qxe6 20.Rxe6 Rfe8 21.Rxe8+ Rxe8
22.Nf3 Nb6 23.Kf1 Bg7 24.Nd4 Bf6 25.g3 Kg7 26.b4 Rc8 27.Bb3 c5 28.bxc5 Rxc5
29.Ne2 Bxc3 30.Nf4  1/2-1/2

[Event "Tel Aviv"]
[Site "Tel Aviv"]
[Date "1991.??.??"]
[Round "7"]
[White "Porper, Eduard"]
[Black "Smirin, Ilia"]
[Result "0-1"]
[WhiteElo "2485"]
[BlackElo "2560"]

1.d4 Nf6 2.Nc3 d5 3.Bg5 Nbd7 4.Qd3 h6 5.Bf4 c6 6.Nf3 e6 7.a3 b5 8.Ne5 Nxe5
9.Bxe5 b4 10.axb4 Bxb4 11.Qg3 Ne4 12.Qxg7 Rf8 13.Bf4 Qb6 14.Bd2 Bxc3 15.bxc3 Qb2
16.Rc1 a5 17.f3 Nxd2 18.Kxd2 a4 19.e3 a3 20.Bd3 a2 21.Qe5 a1=Q 22.Rxa1 Rxa1
23.Rxa1 Qxa1 24.Qc7 Qa8 25.f4 Bd7 26.Qe5 Qd8 27.g3 Ke7 28.Qh5 Rh8 29.c4 f6
30.c5 Be8 31.Qg4 Bf7 32.f5 h5 33.Qh4 Qg8 34.Qf4 Qb8 35.Qh4 Qb4+ 36.Ke2 e5  0-1

[Event "Tel Aviv"]
[Site "Tel Aviv"]
[Date "1991.??.??"]
[Round "8"]
[White "Lev, Ronen"]
[Black "Smirin, Ilia"]
[Result "1/2-1/2"]
[WhiteElo "2420"]
[BlackElo "2560"]

1.d4 Nf6 2.c4 g6 3.Nc3 Bg7 4.e4 d6 5.f3 O-O 6.Be3 Nc6 7.Qd2 a6 8.Nge2 Rb8
9.a3 Nd7 10.b4 Nb6 11.Qa2 e6 12.c5 Nd7 13.Rd1 b6 14.cxd6 cxd6 15.d5 exd5
16.Nxd5 Nf6 17.Nef4 b5 18.Be2 a5 19.O-O axb4 20.Nxb4 Ne5 21.Kh1 Ne8 22.Nfd5 Bd7
23.Rc1 Rb7 24.f4 Nc4 25.Bxc4 bxc4 26.Rfe1 Nf6 27.Qxc4 Ng4 28.Bd4 Qh4 29.h3 Nf2+
30.Kh2 Nxh3 31.g3 Qh5 32.Kg2 Be6 33.Bxg7 Kxg7 34.Qd4+ f6 35.Rc6 Bg4 36.Qc3 Rd7
37.a4 Kh6 38.a5 f5 39.a6 fxe4 40.Rxe4 Rf5 41.Re7 Rf7 42.Re3 Nf2 43.Kxf2 Qh2+
44.Kf1 Qh1+ 45.Kf2  1/2-1/2

[Event "Tel Aviv"]
[Site "Tel Aviv"]
[Date "1991.??.??"]
[Round "9"]
[White "Smirin, Ilia"]
[Black "Davies, Nigel R"]
[Result "0-1"]
[WhiteElo "2560"]
[BlackElo "2500"]

1.e4 e5 2.Nf3 Nc6 3.Bb5 a6 4.Ba4 Nf6 5.O-O Be7 6.Re1 b5 7.Bb3 d6 8.c3 O-O
9.h3 Na5 10.Bc2 c5 11.d4 Bb7 12.Nbd2 cxd4 13.cxd4 exd4 14.Nxd4 Re8 15.Nf1 Bf8
16.Ng3 g6 17.a4 b4 18.b3 Bg7 19.Bb2 Nd7 20.Qd2 Qb6 21.Re3 Ne5 22.Ngf5 Bh8
23.Rg3 Rad8 24.Nh6+ Kf8 25.Ndf5 Nac6 26.Ne3 Ne7 27.Bd4 Qa5 28.Nc4 Qc7 29.Qf4 N7c6
30.Bb6 Qd7 31.Bxd8 Nd4 32.Bd1 Nxc4 33.Bf6 Rxe4 34.Qxe4 Bxe4 35.Bxh8 Ne5 36.Rc1 f5
37.f4 Nec6 38.h4 Ne6 39.Bf3 Nxf4 40.Bxe4 Ne2+ 41.Kh2 Nxc1 42.Bxf5 gxf5 43.Rg8+ Ke7
44.Rg7+ Kd8 45.Rxd7+ Kxd7 46.Nxf5 Nxb3 47.g4 Nc5 48.h5 Ne5 49.g5 b3  0-1

[Event "Tel Aviv"]
[Site "Tel Aviv"]
[Date "1991.??.??"]
[Round "10"]
[White "Gofshtein, Leonid D"]
[Black "Smirin, Ilia"]
[Result "1/2-1/2"]
[WhiteElo "2440"]
[BlackElo "2560"]

1.d4 Nf6 2.c4 g6 3.Nc3 Bg7 4.e4 d6 5.f3 O-O 6.Be3 c5 7.dxc5 dxc5 8.e5 Nfd7
9.f4 f6 10.exf6 exf6 11.Qd2 Nc6 12.Nf3 f5 13.Be2 Qa5 14.O-O Nf6 15.Ne5 Rd8
16.Nxc6 bxc6 17.Qc2 Ng4 18.Bxg4 fxg4 19.Rad1 Bf5 20.Qf2 Bxc3 21.bxc3 Qxc3
22.Bxc5 Qxc4 23.Rc1 Qd5 24.Rfe1 a5 25.Re5 Qd3 26.Rce1 Rab8 27.Qh4 Rb1 28.Bf2 Rxe1+
29.Rxe1 Rb8 30.Qe7 Rb1 31.Qe8+ Kg7 32.Qe7+ Kg8  1/2-1/2

[Event "EU-chT (Men)"]
[Site "Debrecen"]
[Date "1992.??.??"]
[Round "2"]
[White "Smirin, Ilia"]
[Black "Wojtkiewicz, Aleksander"]
[Result "1/2-1/2"]
[WhiteElo "2545"]
[BlackElo "2495"]

1.e4 c5 2.Nf3 d6 3.d4 cxd4 4.Nxd4 Nf6 5.Nc3 a6 6.Be2 e6 7.O-O Be7 8.f4 O-O
9.Kh1 Qc7 10.a4 Nc6 11.Be3 Re8 12.Bd3 Nb4 13.a5 Bd7 14.Qe1 Nxd3 15.cxd3 Bc6
16.Qg3 Nd7 17.Rfc1 Qd8 18.f5 Nf8 19.fxe6 fxe6 20.Nxc6 bxc6 21.Na4 Bh4 22.Qf3 Nd7
23.b4 Qe7 24.Nb6 Nxb6 25.Bxb6  1/2-1/2

[Event "EU-chT (Men)"]
[Site "Debrecen"]
[Date "1992.??.??"]
[Round "3"]
[White "Sturua, Zurab"]
[Black "Smirin, Ilia"]
[Result "1/2-1/2"]
[WhiteElo "2545"]
[BlackElo "2545"]

1.d4 Nf6 2.c4 g6 3.Nc3 Bg7 4.e4 d6 5.Bd3 O-O 6.Nge2 Nc6 7.O-O Nd7 8.Be3 e5
9.d5 Ne7 10.Ng3 h5 11.h3 h4 12.Nh1 f5 13.f3 Rf7 14.Nf2 a6 15.Qe1 Qf8 16.Bg5 Bf6
17.Bd2 Bg7 18.Bg5 Bf6 19.Bd2  1/2-1/2

[Event "EU-chT (Men)"]
[Site "Debrecen"]
[Date "1992.??.??"]
[Round "4"]
[White "Smirin, Ilia"]
[Black "Bologan, Viktor"]
[Result "1-0"]
[WhiteElo "2545"]
[BlackElo "2585"]

1.e4 d6 2.d4 Nf6 3.Bd3 e5 4.c3 Nc6 5.Nf3 g6 6.O-O Bg7 7.h3 O-O 8.Re1 h6 9.Na3 Nh5
10.Be3 a6 11.Kh2 Qf6 12.Bf1 exd4 13.cxd4 Re8 14.Qc2 g5 15.Nc4 Qg6 16.d5 Nb4
17.Qd2 a5 18.a3 Na6 19.Bd3 Qf6 20.Bc2 Nf4 21.Bd4 Qg6 22.Bxg7 Qxg7 23.e5 dxe5
24.Rxe5 Bd7 25.Rae1 a4 26.d6 Red8 27.Re7 Be6 28.R1xe6 Nxe6 29.Nfe5 Rxd6 30.Qe3 Rf8
31.Nxd6 cxd6 32.Nxf7 Nac5 33.Bf5 Rxf7 34.Bxe6 Nxe6 35.Qxe6 Qe5+ 36.Kg1 Qxe6
37.Rxe6 Kg7 38.Rxd6 Rc7 39.Rb6 Rc1+ 40.Kh2 Rc7 41.Kg3 Rc2 42.Rxb7+ Kg6 43.Kf3 h5
44.g3 Kf6 45.Rb4 Kg6 46.h4 g4+ 47.Ke3 Kf6 48.Rb6+ Kg7 49.Rb5 Kg6 50.Rb4 Kf6
51.Rxa4 Rxb2 52.Rf4+ Ke5 53.a4 Rb3+ 54.Kd2 Ra3 55.Kc2 Ke6 56.Kb2 Rd3 57.a5 Rd5
58.Ra4 Rf5 59.Kc3 Rxf2 60.a6  1-0

[Event "EU-chT (Men)"]
[Site "Debrecen"]
[Date "1992.??.??"]
[Round "6"]
[White "Smirin, Ilia"]
[Black "Ivanchuk, Vassily"]
[Result "1/2-1/2"]
[WhiteElo "2545"]
[BlackElo "2720"]

1.e4 e5 2.Nf3 Nf6 3.Nxe5 d6 4.Nf3 Nxe4 5.d3 Nf6 6.d4 Be7 7.Bd3 Bg4 8.O-O O-O
9.h3 Bh5 10.Re1 Re8 11.Bg5 Nc6 12.c3 Nd5 13.Bxe7 Rxe7 14.Rxe7 Ncxe7 15.Nbd2 c6
16.Qb3  1/2-1/2

[Event "EU-chT (Men)"]
[Site "Debrecen"]
[Date "1992.??.??"]
[Round "7"]
[White "Smirin, Ilia"]
[Black "Bareev, Evgeny"]
[Result "1/2-1/2"]
[WhiteElo "2545"]
[BlackElo "2635"]

1.e4 e6 2.d4 d5 3.Nc3 Nf6 4.Bg5 dxe4 5.Nxe4 Nbd7 6.Nf3 h6 7.Nxf6+ Nxf6 8.Bh4 c5
9.Bb5+ Bd7 10.Bxd7+ Qxd7 11.Qe2 Be7 12.O-O cxd4 13.Rfd1 O-O 14.Rxd4 Qc7 15.Rad1 Rfd8
16.Rxd8+  1/2-1/2

[Event "EU-chT (Men)"]
[Site "Debrecen"]
[Date "1992.??.??"]
[Round "8"]
[White "Short, Nigel D"]
[Black "Smirin, Ilia"]
[Result "1/2-1/2"]
[WhiteElo "2685"]
[BlackElo "2545"]

1.e4 c5 2.Nf3 d6 3.d4 cxd4 4.Nxd4 Nf6 5.Nc3 a6 6.f4 e6 7.Qf3 Qb6 8.a3 Nc6
9.Nxc6 bxc6 10.g4 g6 11.g5 Nd7 12.b3 Bg7 13.Bb2 O-O 14.O-O-O d5 15.h4 Nc5
16.h5 Ra7 17.Rd2 a5 18.e5 Rd8 19.hxg6 fxg6 20.Rdh2 Bf8 21.Nd1 a4 22.b4 Ne4
23.Bd3 c5 24.Bxe4 dxe4 25.Qe3 Rb7 26.Nf2 cxb4 27.Qxb6 Rxb6 28.Rxh7 bxa3 29.Rh8+ Kf7
30.Rxf8+ Rxf8 31.Bxa3 e3 32.Ng4 e2 33.Kd2 Ba6 34.Bd6 Kg7 35.Bxf8+ Kxf8 36.Nf6 Rb4
37.Nd7+ Ke7 38.Nc5 Rd4+ 39.Nd3 a3 40.Ra1 Bxd3 41.cxd3 e1=Q+ 42.Rxe1 Rxf4
43.Kc3 Rg4 44.Kb3 Rg3 45.Kxa3 Rxd3+ 46.Kb4 Rg3 47.Kc5 Rxg5 48.Kd4 Kf7 49.Ra1 Ke7  1/2-1/2

[Event "Geneve op"]
[Site "Geneve"]
[Date "1992.??.??"]
[Round "1"]
[White "Smirin, Ilia"]
[Black "Preissmann, Emmanuel"]
[Result "1/2-1/2"]
[WhiteElo "2545"]
[BlackElo "2295"]

1.e4 d5 2.exd5 Nf6 3.d4 Nxd5 4.c4 Nb6 5.Nc3 e5 6.Nf3 Bg4 7.Be2 Bxf3 8.Bxf3 exd4
9.O-O dxc3 10.Re1+ Be7 11.Bg5 f6 12.Bh5+ g6 13.Bxf6 O-O 14.Bxe7 Qxd1 15.Bxd1 cxb2
16.Rb1 Re8 17.c5 Nc6 18.cxb6 Rxe7 19.Rxe7 Nxe7 20.bxc7 Rc8 21.Rxb2 Rxc7 22.g3 Kg7
23.Kg2 b6 24.Rd2 Ng8 25.Bb3 Nf6 26.Rd8 Ne4 27.Kf3 Re7 28.h4 h6 29.Bc2 Nf6
30.g4 Rb7 31.Bb3 g5 32.hxg5 hxg5 33.Rd5 Re7 34.Rd6 Rc7 35.Rd3 Re7 36.Rc3 Ne4
37.Rd3 Nf6  1/2-1/2

[Event "Geneve op"]
[Site "Geneve"]
[Date "1992.??.??"]
[Round "3"]
[White "Smirin, Ilia"]
[Black "Inkiov, Ventzislav"]
[Result "1/2-1/2"]
[WhiteElo "2545"]
[BlackElo "2450"]

1.e4 e5 2.Nf3 Nc6 3.d4 exd4 4.Nxd4 Bc5 5.Nb3 Bb6 6.Nc3 Nf6 7.Bg5 h6 8.Bh4 d6
9.a4 a6 10.Bd3 Be6 11.Nd5 Bxd5 12.exd5 Qe7+ 13.Be2 Ne5 14.O-O g5 15.Bg3 Ne4  1/2-1/2

[Event "Geneve op"]
[Site "Geneve"]
[Date "1992.??.??"]
[Round "6"]
[White "Nemet, Ivan"]
[Black "Smirin, Ilia"]
[Result "1/2-1/2"]
[WhiteElo "2395"]
[BlackElo "2545"]

1.d4 Nf6 2.c4 c5 3.d5 g6 4.Nc3 Bg7 5.e4 O-O 6.Bd3 e6 7.Nge2 d6 8.O-O exd5
9.cxd5 Ng4 10.h3 Ne5 11.Bc2 Na6 12.f4 Nc4 13.b3 Nb6 14.f5 Re8 15.Bf4 Nb4
16.Bb1 Bxf5 17.exf5 Rxe2 18.Nxe2 Bxa1 19.fxg6 hxg6 20.Bxg6 fxg6 21.Qxa1 N4xd5
22.Bh6 Qe7 23.Ng3 Re8 24.Ne4 Qe5 25.Nxd6 Qxa1 26.Rxa1 Re2 27.Rf1 Re7 28.Rf8+ Kh7
29.Bg5 Rd7 30.Ne4 Kg7 31.Rb8 c4 32.bxc4 Nxc4 33.Nc5 Rf7 34.Nxb7 Nde3 35.Nd8 Rd7
36.Ne6+ Kf7 37.Nd8+ Kg7 38.Ne6+ Kf7 39.Nd8+  1/2-1/2

[Event "Geneve op"]
[Site "Geneve"]
[Date "1992.??.??"]
[Round "8"]
[White "Klovans, Janis"]
[Black "Smirin, Ilia"]
[Result "0-1"]
[WhiteElo "2410"]
[BlackElo "2545"]

1.e4 c5 2.Nf3 d6 3.d4 cxd4 4.Nxd4 Nf6 5.Nc3 Nc6 6.Bg5 e6 7.Qd2 Be7 8.O-O-O O-O
9.Nb3 a6 10.Bxf6 gxf6 11.f4 b5 12.f5 Kh8 13.Kb1 Rg8 14.Ne2 exf5 15.exf5 Ne5
16.Nbd4 Bb7 17.Nf4 Bf8 18.Rg1 Bh6 19.g3 Qb6 20.Bg2 Bxg2 21.Rxg2 Nc4 22.Qf2 Rae8
23.Nd5 Qc5 24.Nb3 Qc6 25.Nxf6 Nxb2 26.Rf1 Na4 27.Nxe8 Rxe8 28.Qd4+ Bg7 29.f6 Qxg2
30.fxg7+ Kg8 31.Qf6 Qd5 32.Kc1 Rc8 33.Rf4 Nc3 34.Kb2 Nd1+ 35.Kc1 Ne3 36.Nd4 Qxa2
37.Kd2 Nxc2 38.Nf5 Nd4+ 39.Ke3 Nxf5+ 40.Qxf5 Rc3+  0-1

[Event "ISR-ch"]
[Site "ISR"]
[Date "1992.??.??"]
[Round "1"]
[White "Smirin, Ilia"]
[Black "Zoler, Dan"]
[Result "1-0"]
[WhiteElo "2555"]
[BlackElo "2370"]

1.e4 e5 2.Nf3 Nc6 3.Bb5 a6 4.Ba4 Nf6 5.O-O Be7 6.Qe2 b5 7.Bb3 O-O 8.c3 Bb7
9.d4 exd4 10.cxd4 d5 11.e5 Ne4 12.Nc3 Na5 13.Bc2 f5 14.exf6 Bxf6 15.Bf4 Nc4
16.Nxe4 dxe4 17.Bxe4 Re8 18.Be5 Bxe4 19.Qxe4 Nxb2 20.Qc6 Bxe5 21.dxe5 Qe7
22.Rfe1 Nc4 23.a4 Na5 24.Qd5+ Qe6 25.Qxe6+ Rxe6 26.Nd4 Rb6 27.axb5 axb5 28.e6 Kf8
29.e7+ Ke8 30.Ne6 Rxe6 31.Rxe6 Ra7 32.h4 c5 33.Re5 Nc6 34.Rxa7 Nxe5 35.Ra5 Kxe7
36.Rxb5 Kd6 37.Kf1 c4 38.Ke2 c3 39.Rb3 c2 40.Kd2 Nc6 41.Rb7  1-0

[Event "ISR-ch"]
[Site "ISR"]
[Date "1992.??.??"]
[Round "2"]
[White "Shvidler, Eliahu"]
[Black "Smirin, Ilia"]
[Result "0-1"]
[WhiteElo "2445"]
[BlackElo "2555"]

1.c4 g6 2.g3 Bg7 3.Bg2 d6 4.Nc3 Nf6 5.e4 O-O 6.Nge2 c5 7.O-O Nc6 8.d3 a6
9.a3 Bg4 10.h3 Bxe2 11.Nxe2 b5 12.e5 Nxe5 13.f4 Ned7 14.Bxa8 Qxa8 15.Nc3 d5
16.cxd5 Nxd5 17.Bd2 N7b6 18.Qf3 e6 19.Nxd5 Nxd5 20.Rab1 Rd8 21.Rfc1 Qa7 22.Be1 Bd4+
23.Bf2 Ne7 24.Bxd4 Rxd4 25.Rd1 h5 26.h4 Qd7 27.Rbc1 Qd6 28.Kg2 Nf5 29.b4 cxb4
30.Rc6 Qe7 31.Rc8+ Kh7 32.Qa8 Qf6 33.axb4 Rxb4 34.Rf8 Rb2+ 35.Kh3 Nh6 36.Qe4 Ng4  0-1

[Event "ISR-ch"]
[Site "ISR"]
[Date "1992.??.??"]
[Round "4"]
[White "Greenfeld, Alon"]
[Black "Smirin, Ilia"]
[Result "1/2-1/2"]
[WhiteElo "2535"]
[BlackElo "2555"]

1.d4 Nf6 2.c4 c5 3.d5 g6 4.Nf3 Bg7 5.g3 O-O 6.Bg2 d6 7.O-O Na6 8.Nc3 Nc7
9.h3 b5 10.cxb5 Rb8 11.a4 a6 12.bxa6 Nxa6 13.Re1 Nd7 14.e4 Qa5 15.Ra3 Rb4
16.Na2 Rb8 17.Bd2 Qb6 18.Bc3 Bxc3 19.bxc3 c4 20.a5 Qc5  1/2-1/2

[Event "ISR-ch"]
[Site "ISR"]
[Date "1992.??.??"]
[Round "5"]
[White "Smirin, Ilia"]
[Black "Zifroni, Dov"]
[Result "1/2-1/2"]
[WhiteElo "2555"]
[BlackElo "2355"]

1.e4 e6 2.d4 d5 3.Nd2 c5 4.Ngf3 Nc6 5.exd5 exd5 6.Bb5 Bd6 7.dxc5 Bxc5 8.O-O Ne7
9.Nb3 Bd6 10.Bg5 O-O 11.Bh4 Qb6 12.a4 Bg4 13.Bg3 Rfd8 14.Bd3 Ng6 15.Re1 Bxf3
16.Qxf3 Nge5 17.Qd1 Nxd3 18.Qxd3 Nb4 19.Qd2 Bxg3 20.hxg3 Rac8 21.a5 Qb5 22.Nd4 Qc5
23.Nf5 Rd7 24.Qg5 f6 25.Qg4 Rcd8 26.Nd4 Nxc2 27.Re8+ Rxe8 28.Qxd7 Re7 29.Qd8+ Kf7
30.Nxc2 Qxc2 31.Qxd5+ Kg6 32.Qd4  1/2-1/2

[Event "ISR-ch"]
[Site "ISR"]
[Date "1992.??.??"]
[Round "6"]
[White "Lev, Ronen"]
[Black "Smirin, Ilia"]
[Result "0-1"]
[WhiteElo "2455"]
[BlackElo "2555"]

1.d4 Nf6 2.c4 g6 3.Nc3 Bg7 4.e4 d6 5.Nf3 O-O 6.Be2 e5 7.d5 Na6 8.Bg5 h6 9.Bh4 g5
10.Bg3 Nh5 11.Nd2 Nf4 12.O-O f5 13.exf5 Nxe2+ 14.Qxe2 Bxf5 15.Nde4 Qe8 16.Rfe1 Qg6
17.Qd2 Rf7 18.h3 Bf8 19.c5 dxc5 20.Bxe5 Re8 21.Ng3 Bd3 22.a3 Rfe7 23.f4 c4
24.Nce4 Rf7 25.Kh1 gxf4 26.Nf6+ Rxf6 27.Bxf6 Rxe1+ 28.Rxe1 fxg3 29.Qf4 Nc5
30.Be7 Bxe7 31.Rxe7 Be2 32.Qc1 Nd3 33.Qa1 Nf2+ 34.Kg1 Nxh3+ 35.gxh3 Qb6+  0-1

[Event "ISR-ch"]
[Site "ISR"]
[Date "1992.??.??"]
[Round "9"]
[White "Tseitlin, Mark D"]
[Black "Smirin, Ilia"]
[Result "1/2-1/2"]
[WhiteElo "2450"]
[BlackElo "2555"]

1.e4 c5 2.Nf3 d6 3.d4 cxd4 4.Nxd4 Nf6 5.Nc3 a6 6.Bg5 e6 7.f4 Nc6 8.e5 h6
9.Bh4 g5 10.Bg3 Nxd4 11.Qxd4 dxe5 12.Qxd8+ Kxd8 13.fxe5 Nd7 14.O-O-O Bg7
15.Bc4 b5 16.Be2 Ke7 17.Bf3 Ra7 18.Rhe1 Bb7 19.Ne4 Bxe4 20.Rxe4 Rc7 21.Be2 Rhc8
22.c3 Rc5 23.Rd6 a5 24.Ra6 b4 25.Bf2 Rxe5 26.Rxe5 Bxe5 27.c4 Bxh2 28.Rxa5 Bd6
29.Ra7 Bc5 30.Bxc5+ Rxc5 31.Kc2 f5 32.Kb3 Re5 33.Bf3 Kd6 34.Ra6+ Kc7 35.Rc6+ Kb8
36.Kxb4 g4 37.Bd1 Kb7 38.Ba4 Nb8 39.Rd6 Re2 40.Kc3 f4 41.Rd2 Re3+ 42.Rd3 Re1
43.Rd1 Re3+ 44.Rd3 Re5 45.Rd4 Re3+ 46.Rd3 Re2 47.Rd2  1/2-1/2

[Event "Katerini op"]
[Site "Katerini"]
[Date "1992.??.??"]
[Round "?"]
[White "Smirin, Ilia"]
[Black "Vragoteris, Antonios"]
[Result "1-0"]
[WhiteElo "2555"]
[BlackElo "2340"]

1.d4 f5 2.Bg5 h6 3.Bh4 g5 4.e3 Nf6 5.Bg3 Bg7 6.Bd3 d6 7.h4 g4 8.c3 Nc6 9.Qc2 e6
10.Ne2 Qe7 11.Nd2 Bd7 12.Nf4 Qf7 13.Qb3 O-O-O 14.Bxf5 Na5 15.Qxe6  1-0

[Event "Katerini op"]
[Site "Katerini"]
[Date "1992.??.??"]
[Round "?"]
[White "Nikolaidis, Konstantinos"]
[Black "Smirin, Ilia"]
[Result "0-1"]
[WhiteElo "2245"]
[BlackElo "2555"]

1.d4 Nf6 2.Nf3 g6 3.c4 Bg7 4.Nc3 O-O 5.e4 d6 6.g3 Bg4 7.Bg2 Nc6 8.h3 Bxf3
9.Bxf3 Nd7 10.d5 Nce5 11.Be2 Nb6 12.f4 Ned7 13.O-O c6 14.Be3 cxd5 15.cxd5 Qc8
16.Rc1 Nc4 17.Bf2 Nxb2 18.Qb3 Nc5 19.Qxb2 Nxe4 20.Nxe4 Bxb2 21.Rxc8 Rfxc8
22.Be3 Bg7 23.Nd2 Rc2 24.Bc4 Bc3 25.Nf3 Bb4 26.Bb3 Rc3 27.Bc1 Rac8 28.Bb2 Rd3
29.Kg2 a5 30.Rf2 Bc3 31.Rc2 Rc5 32.Rxc3 Rdxc3 33.Bxc3 Rxc3 34.Nd4 Rc5 35.Nc2 b5
36.Ne3 Rc1 37.Kf3 a4 38.Bc2 Ra1 39.Bd3 Rxa2 40.Bxb5 a3  0-1

[Event "Katerini op"]
[Site "Katerini"]
[Date "1992.??.??"]
[Round "?"]
[White "Smirin, Ilia"]
[Black "Tzermiadianos, Andreas"]
[Result "1-0"]
[WhiteElo "2555"]
[BlackElo "2300"]

1.d4 Nf6 2.c4 c5 3.d5 b5 4.Nf3 Bb7 5.Bf4 d6 6.Nbd2 g6 7.e4 Bg7 8.cxb5 O-O
9.Bc4 a6 10.O-O axb5 11.Bxb5 Ba6 12.Bxa6 Nxa6 13.Rb1 Qa5 14.a3 Rfb8 15.e5 Nh5
16.Bg5 f6 17.exf6 exf6 18.Be3 f5 19.Nc4 Qd8 20.Bg5 Bf6 21.Qd2 Nc7 22.Rfe1 Bxg5
23.Nxg5 Nf6 24.Ne6 Qd7 25.Nxc7 Qxc7 26.Re6 Ne4 27.Qd3 Rd8 28.Rd1 Kf7 29.Qh3 h5
30.f3 Nf6 31.Qg3  1-0

[Event "Katerini op"]
[Site "Katerini"]
[Date "1992.??.??"]
[Round "?"]
[White "Smirin, Ilia"]
[Black "Blees, Albert"]
[Result "1-0"]
[WhiteElo "2555"]
[BlackElo "2415"]

1.e4 e5 2.Nf3 Nc6 3.Bb5 a6 4.Ba4 Nf6 5.O-O Be7 6.Qe2 b5 7.Bb3 O-O 8.c3 d6
9.d4 Bg4 10.Rd1 Qc8 11.h3 Bh5 12.a4 Rb8 13.axb5 axb5 14.Bg5 exd4 15.cxd4 Re8
16.Nc3 b4 17.Nd5 Nxd5 18.Bxd5 Nxd4 19.Rxd4 Bxg5 20.Bxf7+ Bxf7 21.Nxg5 Bg6
22.Qc4+ Kh8 23.Ra7 Re7 24.Rxd6 cxd6 25.Qxc8+ Rxc8 26.Rxe7 h6 27.Ne6 Bxe4
28.Nxg7 d5 29.Re8+ Rxe8 30.Nxe8 d4 31.Nd6 Bd3 32.Nf7+ Kg7 33.Ne5 Be2 34.f4 Kf6
35.Kf2 Ba6 36.g4 Ke6 37.Nc6 d3 38.Ke3 Bb7 39.Nd8+  1-0

[Event "Katerini op"]
[Site "Katerini"]
[Date "1992.??.??"]
[Round "?"]
[White "Grivas, Efstratios"]
[Black "Smirin, Ilia"]
[Result "1/2-1/2"]
[WhiteElo "2465"]
[BlackElo "2555"]

1.d4 Nf6 2.Nf3 g6 3.c4 Bg7 4.Nc3 O-O 5.e4 d6 6.h3 Na6 7.Bg5 h6 8.Be3 e5 9.d5 Nc5
10.Nd2 a5 11.g4 c6 12.Be2 Bd7 13.f3 Rb8 14.Nf1 h5 15.Bg5 cxd5 16.cxd5 Qb6
17.Qd2 Nh7 18.Bh4 Bf6 19.Bxf6  1/2-1/2

[Event "Komotini op"]
[Site "Komotini"]
[Date "1992.??.??"]
[Round "?"]
[White "Conquest, Stuart"]
[Black "Smirin, Ilia"]
[Result "0-1"]
[WhiteElo "2495"]
[BlackElo "2555"]

1.e4 c5 2.Nc3 Nc6 3.g3 g6 4.d3 Bg7 5.Be3 d6 6.Bg2 e5 7.Qd2 Nge7 8.h4 h5 9.Nh3 Nd4
10.f4 Bg4 11.O-O Qd7 12.Kh2 O-O 13.Rf2 b5 14.Raf1 b4 15.Nd1 exf4 16.Bxf4 d5
17.Bh6 dxe4 18.Bxg7 Kxg7 19.Ng5 Nf3+ 20.Nxf3 exf3 21.Bxf3 Bxf3 22.Rxf3 Nc6
23.Ne3 f6 24.Qf2 f5 25.Nc4 Qd4 26.Qd2 Rae8 27.c3 Qd8 28.Qf2 Qd5 29.Re3 Rxe3
30.Qxe3 Rd8 31.Re1 bxc3 32.bxc3 Qxd3 33.Qxc5 f4 34.gxf4 Qxc3 35.Re3 Qc1 36.Qb5 Rd1
37.Re7+ Nxe7 38.Qe5+ Kf7  0-1

[Event "Komotini op"]
[Site "Komotini"]
[Date "1992.??.??"]
[Round "?"]
[White "Tolnai, Tibor"]
[Black "Smirin, Ilia"]
[Result "1/2-1/2"]
[WhiteElo "2495"]
[BlackElo "2555"]

1.e4 c5 2.Nf3 e6 3.d4 cxd4 4.Nxd4 a6 5.Nc3 b5 6.Bd3 Bb7 7.O-O Nc6 8.Nxc6 Bxc6
9.Qe2 Ne7 10.f4 b4 11.Nd1 Ng6 12.Be3 Qa5 13.Nf2 Bc5 14.Ng4 h5 15.Nf2 Qb6
16.Nd1 e5 17.fxe5 Nxe5 18.h3 d6 19.Kh1 g6 20.Rf6 Qb7 21.Bxc5 dxc5 22.Ne3 O-O  1/2-1/2

[Event "Komotini op"]
[Site "Komotini"]
[Date "1992.??.??"]
[Round "?"]
[White "Smirin, Ilia"]
[Black "Skembris, Spyridon"]
[Result "1/2-1/2"]
[WhiteElo "2555"]
[BlackElo "2520"]

1.d4 Nf6 2.c4 e6 3.Nf3 d5 4.g3 c6 5.Bg2 Nbd7 6.Qc2 Bd6 7.O-O O-O 8.Bf4 Qc7
9.e3 dxc4 10.Bxd6 Qxd6 11.Qxc4 e5 12.Nc3 exd4 13.Qxd4 Qxd4 14.Nxd4 Nb6 15.b4 a6
16.a4 Rd8 17.Rfd1 Bg4 18.f3 Be6 19.Kf2  1/2-1/2

[Event "Komotini op"]
[Site "Komotini"]
[Date "1992.??.??"]
[Round "?"]
[White "Smirin, Ilia"]
[Black "Jolles, Hajo"]
[Result "1-0"]
[WhiteElo "2555"]
[BlackElo "2290"]

1.d4 Nf6 2.c4 c5 3.d5 b5 4.cxb5 a6 5.b6 d6 6.Nc3 g6 7.e4 Qxb6 8.Nf3 Bg7 9.Nd2 O-O
10.Be2 a5 11.a4 Nbd7 12.Bb5 Bb7 13.O-O Qd8 14.f4 Nb6 15.f5 Qc8 16.Qe1 e6
17.dxe6 fxe6 18.fxg6 d5 19.e5 Nfd7 20.gxh7+ Kh8 21.Nf3 Rf5 22.Ng5 Nxe5 23.Rxf5 exf5
24.Ne2 d4 25.Nf4 Nd5 26.Qh4 Nxf4 27.Bxf4 Bd5 28.Qh5 Qf8 29.Bxe5 Bxe5 30.Bc6  1-0

[Event "Komotini op"]
[Site "Komotini"]
[Date "1992.??.??"]
[Round "?"]
[White "Smirin, Ilia"]
[Black "Ehlvest, Jaan"]
[Result "1/2-1/2"]
[WhiteElo "2555"]
[BlackElo "2635"]

1.e4 e6 2.d4 d5 3.Nc3 Nf6 4.e5 Nfd7 5.f4 c5 6.Nf3 Nc6 7.Be3 cxd4 8.Nxd4 Bc5
9.Qd2 Nxd4 10.Bxd4 Bxd4 11.Qxd4 Qb6 12.Nb5 Qxd4 13.Nxd4 Ke7 14.Bd3 Nc5 15.Kd2 Bd7  1/2-1/2